| 000 | 00974nac a22003011u 4500 | ||
|---|---|---|---|
| 999 |
_c242 _d242 |
||
| 003 | EG-ScBUE | ||
| 005 | 20210315100836.0 | ||
| 008 | 200219r20031988le f 000 1 eng d | ||
| 020 | _a9953105499 | ||
| 040 |
_aEG-ScBUE _beng _erda _cEG-ScBUE _dEG-ScBUE |
||
| 082 | 0 | 4 |
_a823.5 _bFIE _222 |
| 100 | 1 |
_aFielding, Henry, _d1707-1754, _eauthor. |
|
| 245 | 1 | 0 |
_aJoseph Andrews : _bwith an introduction, a guide, notes and a glossary / _cHenry Fielding. |
| 250 | _aReprinted edition. | ||
| 264 | 1 |
_aBeirut : _bYork Press, _c2003. |
|
| 300 |
_a349 pages ; _c24 cm. |
||
| 336 |
_2rdacontent _atext _btxt |
||
| 337 |
_2rdamedia _aunmediated _bn |
||
| 338 |
_2rdacarrier _avolume _bnc |
||
| 490 | 0 | _aYork classics | |
| 650 | 7 |
_aYoung men _vFiction. _2BUEsh |
|
| 650 | 7 |
_aHousehold employees _vFiction. _2BUEsh |
|
| 650 | 7 |
_aMale friendship _vFiction. _2BUEsh |
|
| 651 | _2BUEsh | ||
| 653 |
_bHHUUEENN _cMarch2021 |
||
| 655 |
_vReading book _934232 |
||
| 942 |
_cBB _k823F459 _2ddc |
||